Ázia (vybrané kapitoly zo Svetovej ekonomiky)
Salvato in:
| Autore principale: | |
|---|---|
| Altri autori: | , , , |
| Natura: | Libro |
| Lingua: | slovacco |
| Pubblicazione: |
Bratislava
Sprint 2
2024
|
| Edizione: | 1. vydanie |
| Soggetti: | |
| Tags: |
Nessun Tag, puoi essere il primo ad aggiungerne!!
|
MARC
| LEADER | 00000nam a2200000 4500 | ||
|---|---|---|---|
| 001 | 0306579 | ||
| 005 | 20250429110319.5 | ||
| 020 | |a 978-80-89710-63-8 | ||
| 041 | 0 | |a slo | |
| 044 | |a SK | ||
| 245 | 1 | 0 | |a Ázia |b (vybrané kapitoly zo Svetovej ekonomiky) |c Kristína Baculáková, Barbora Janubová, Rudolf Kucharčík ; recenzovali: Karol Janas, Simona Chuguryan |
| 250 | |a 1. vydanie | ||
| 264 | 1 | |a Bratislava |b Sprint 2 |c 2024 | |
| 300 | |a 212 s. [10,7 AH] | ||
| 610 | 2 | 0 | |a Ázia |
| 610 | 2 | 0 | |a Japonsko |
| 610 | 2 | 0 | |a Kórea |
| 610 | 2 | 0 | |a Taiwan |
| 610 | 2 | 0 | |a Hongkong |
| 610 | 2 | 0 | |a Čína |
| 610 | 2 | 0 | |a Singapur |
| 610 | 2 | 0 | |a Thajsko |
| 610 | 2 | 0 | |a Malajzia |
| 610 | 2 | 0 | |a Indonézia |
| 610 | 2 | 0 | |a Filipíny |
| 610 | 2 | 0 | |a India |
| 610 | 2 | 0 | |a vývoj hospodársky |
| 610 | 2 | 0 | |a vývoj politický |
| 610 | 2 | 0 | |a situácia politická |
| 610 | 2 | 0 | |a situácia sociálna |
| 610 | 2 | 0 | |a analýza ekonomická |
| 610 | 2 | 0 | |a obyvateľstvo |
| 100 | 1 | |a Baculáková, Kristína, 1988- | |
| 700 | 1 | |a Janubová, Barbora, 1991- | |
| 700 | 1 | |a Kucharčík, Rudolf, 1977- | |
| 700 | 1 | |a Janas, Karol | |
| 700 | 1 | |a Chuguryan, Simona, 1977- | |